Koty-Nagła Śmierć - Statystyki

Ogólne statystyki
  • Ten quiz został rozwiązany 416 razy
  • Średni wynik to 6 z 6
Answers on the Grid
Answers color-coded by a green-red scale on the quiz's grid according to % correct below.
Afryka
amazon
Francja
Gepard
Hiszpania
ko_ domowy
lampart
lew
Nie
puma
Tak
tygrys
 
Statystyki odpowiedzi
Odpowiedź % Poprawnych
tygrys
97%
Gepard
96%
puma
96%
ko_ domowy
95%
lampart
95%
lew
95%
Nie znaleziono quizów pasujących do podanych kryteriów
Rozkład punktacji
Procent ludzi z każdym wynikiem
Percentyl według liczby udzielonych odpowiedzi
Twoja historia wyników
Nie rozwiązałeś tego quizu